Holiday Quiz

Random Holiday or Easter Quiz
Score 0/15 Timer 03:00
5 Plays Today
% Correct
Christmas
99.6%
Halloween
98.3%
Easter
98.1%
Thanksgiving
97.3%
Valentine's Day
96.1%
American Independence Day
95.8%
Saint Patrick's Day
88.9%
Chinese New Year
87.2%
% Correct
Veterans Day
83.7%
Mardi Gras
77.2%
Groundhog Day
75.9%
Hanukkah
75%
Mother's Day
74.5%
President's Day
68.8%
Guy Fawkes Night
52.8%

You're not logged in!

Compare scores with friends on all Sporcle quizzes.
OR
Log In

Sporcle TV

Today on Sporcle TV


Watch our educational content, quiz creation guides, and fun videos on Sporcle TV.

Show Comments

Extras

Top Quizzes Today


Score Distribution

Your Account Isn't Verified!

In order to create a playlist on Sporcle, you need to verify the email address you used during registration. Go to your Sporcle Settings to finish the process.

Report this User

Report this user for behavior that violates our Community Guidelines.

Details: